| 000 | 01708nam0a2200349 4500 | ||
|---|---|---|---|
| 001 | RU\NLR\bibl\1684448 | ||
| 005 | 20260406072618.0 | ||
| 010 |
_a978-5-358-08658-6 _925000 |
||
| 021 |
_aRU _b2010-67355 _94429 |
||
| 035 | _a(NLR Aleph) 001675630 | ||
| 090 |
_a1069139 _c1069139 |
||
| 100 | _a20100906d2010 |||y0rusy50 ca | ||
| 101 | 0 | _arus | |
| 102 | _aRU | ||
| 105 | _aa ||||||||| | ||
| 200 | 1 |
_aОсновы безопасности жизнедеятельности _e9 класс _eучебник для общеобразовательных учреждений _fС.Н. Вангородский, М.И. Кузнецов, В.Н. Латчук, В.В. Марков |
|
| 205 | _a10-е изд., перераб. | ||
| 210 |
_aМосква _cДрофа _d2010 |
||
| 215 |
_a207 с. _cцв. ил. _d22 |
||
| 320 | _aБиблиогр.: с. 205 | ||
| 606 | 0 |
_aБезопасность жизнедеятельности _jУчебники для средней школы _91373082 _3RU\NLR\auth\66261709 |
|
| 686 | _aЦ69,6(2)0я721-4 | ||
| 701 | 1 |
_aВангородский _bС. Н. _gСергей Николаевич _4070 |
|
| 701 | 1 |
_4070 _8rus _7ca _aКузнецов _bМ. И. _cспециалист по ОБЖ _gМихаил Иванович _3RU\NLR\auth\7730273 _913298 |
|
| 701 | 1 |
_4070 _7ca _8rus _aЛатчук _bВ. Н. _gВладимир Николаевич _3RU\NLR\auth\7723936 _96989 |
|
| 701 | 1 |
_4070 _8rus _7ca _aМарков _bВ. В. _cспециалист по ОБЖ _gВалерий Васильевич _3RU\NLR\auth\7723938 _96991 |
|
| 801 | 0 |
_aRU _bРГБ _c20100906 _grcr |
|
| 801 | 1 |
_aRU _bРГБ _c20100906 |
|
| 801 | 2 |
_aRU _bNLR _c20101008 _grcr |
|
| 942 | _cBOOK | ||
| 980 | _aNB | ||